000 00390nam a2200145Ia 4500
008 231129s2008||||xx |||||||||||||| ||spa||
020 _a978-958-717-047-4
040 _bspa
082 _a615.321 M992a
100 _aMutis José Celestino
245 0 _aEl arcano de la quina
260 _c2008
264 _aAlcaldia Mayor de Bogotá
942 _2ddc
_cBKS
999 _c10235
_d10235